000 00262nam a2200109Ia 4500
001 1275908
005 20260417160437.0
008 260417s9999 xx 000 0 und d
020 _a9786256910133
245 0 _aCahit Arf
_cBeliz Yüksel
260 _bKetebe Çocuk
999 _c1275908
_d1275908